000 00546nam a22002057a 4500
003 LK-CoMWRAF
005 20231213124643.0
008 230928b2000 |||||||| |||| 00| 0 eng d
020 _a0471395684
040 _aLK-CoMWRAF
_dLK-CoMWRAF
_eLK-CoMWRAF
041 _aeng
082 _a547
_bORG
245 _aOrganic reactions:
_bVolume 56
260 _aNew York:
_bJohn Wiley,
_c2000
300 _avii,686 p.
_bIndex included
650 _aORGANIC REACTIONS
650 _aNon-aromatic compounds
700 _aOverman, Larry E.
_eed.
942 _cBK
999 _c3738
_d3738